00000000nam##2200000za#4500
0019.681308
003CaOODSP
00520221104105554
007ta
008150407|2004||||xxc|||||     f|0| 0 fre|d
020 |a0-662-85199-4
040 |aCaOODSP|bfre
043 |an-cn---
0861 |aR63-245/2004F
1102 |aParcs Canada.
24510|aLieu historique national du Canada S.S. Keno : |bplan directeur
260 |aOttawa - Ontario : |bParcs Canada |c2004.
300 |a28p. : |bglossaire, ill., cartes ; |c28 cm.
5203 |aCe rapport présente le plan de Parcs Canada pour la gestion du lieu historique national du Canada S.S. Keno. Le S.S. Keno appartenait à une flotte de bateaux à roue qui ont joué un rôle de premier plan dans l’histoire du territoire du Yukon et de la ruée vers l’or du Klondike.
563 |aCouverture souple
590 |a05-10|b2005-03-11
69107|aLieu historique|2gcpds
69107|aNavire|2gcpds
77508|tS.S. Keno National Historic Site of Canada : |w(CaOODSP)9.647926
7760#|tLieu historique national du Canada S.S. Keno |w(CaOODSP)9.822668